[Event "Moscow Open 2009 B"]
[Site "www.moscowchessopen.ru"]
[Date "2009.02.07"]
[Round "8.129"]
[White "Firstov, Pavel"]
[Black "Pankratov, Oleg"]
[Result "1/2-1/2"]
[WhiteElo "2043"]
[BlackElo "1400"]
[Annotator ""]
[Source ""]
[Remark ""]

1.d4 Nf6 2.c4 c5 3.Nf3 cxd4 4.Nxd4 b6 5.Nc3 Bb7 6.Bg5 a6 7.f3
e6 8.e4 d6 9.Be2 Be7 10.O-O O-O 11.Qd2 Nbd7 12.Rfd1 Rc8 13.Rac1
Qc7 14.Kh1 Qb8 15.Qe1 Bd8 16.Bh4 Bc7 17.Bg3 Rfe8 18.Qg1 Kh8 19.Bf2
g5 20.Bd3 Ne5 21.Be2 Ng6 22.Nc2 Nd7 23.Ne3 Nge5 24.Rd2 Rg8 25.Rcd1
h5 26.g4 Nf6 27.h3 h4 28.Ng2 Bc6 29.a4 Kh7 30.Be3 Ned7 31.b4
Ba8 32.Qf2 Rg7 33.Bd4 Rg6 34.f4 gxf4 35.Nxf4 e5 36.Nxg6 exd4
37.Nd5 Bxd5 38.exd5 fxg6 39.g5 1/2-1/2

[Event "Moscow Open 2009 B"]
[Site "www.moscowchessopen.ru"]
[Date "2009.02.07"]
[Round "8.130"]
[White "Borisovsky, Viktor"]
[Black "Tutunnikov, Nikolay"]
[Result "1-0"]
[WhiteElo "2041"]
[BlackElo "1400"]
[Annotator ""]
[Source ""]
[Remark ""]

1.d4 Nf6 2.c4 e6 3.Nc3 Bb4 4.Nf3 b6 5.e3 Bb7 6.Bd3 O-O 7.O-O
d5 8.cxd5 exd5 9.a3 Be7 10.Re1 Nbd7 11.Ne5 a6 12.f4 Bd6 13.Ne2
Ne4 14.Qc2 Re8 15.Ng3 Ndf6 16.Nf5 Bf8 17.g4 g6 18.Ng3 Nxg3 19.hxg3
Ne4 20.Kg2 Bd6 21.b3 c5 22.Bb2 Rc8 23.Qe2 b5 24.Rh1 c4 25.Bxe4
Bxe5 26.dxe5 dxe4 27.Rad1 Qd3 28.Qf2 Qxb3 29.Bd4 Red8 30.f5 Rxd4
31.fxg6 fxg6 32.Rxh7 Rf8 33.Rh8+ 1-0

[Event "Moscow Open 2009 B"]
[Site "www.moscowchessopen.ru"]
[Date "2009.02.07"]
[Round "8.131"]
[White "Kuzin, Sergey"]
[Black "Zhukov, Daniil A"]
[Result "1-0"]
[WhiteElo "2037"]
[BlackElo "1400"]
[Annotator ""]
[Source ""]
[Remark ""]

1.b3 Nf6 2.c4 c5 3.Bb2 g6 4.g3 Bg7 5.Bg2 Nc6 6.e3 d6 7.Ne2 O-O
8.O-O Qc7 9.Nbc3 a6 10.d4 Rd8 11.Nf4 e6 12.d5 Ne7 13.Qe2 e5 14.Nd3
Rb8 15.a4 b6 16.e4 Rf8 17.Rae1 Ne8 18.f4 Bd7 19.Kh1 Qc8 20.Nd1
exf4 21.gxf4 Bxb2 22.Qxb2 b5 23.axb5 axb5 24.Qc3 b4 25.Qb2 Bh3
26.Ne3 Bxg2+ 27.Qxg2 f5 28.e5 Qc7 29.Ra1 Qb6 30.Qa2 Nc7 31.Qa7
Rfc8 32.Qxb6 Rxb6 33.Ra7 Kf8 34.Rfa1 g5 35.fxg5 f4 36.Rf1 dxe5
37.Nxe5 Ke8 38.Rxf4 Ng6 39.Nxg6 hxg6 40.Ng4 Nxd5 41.cxd5 c4 42.Nf6+
Rxf6 43.gxf6 cxb3 44.f7+ Kf8 45.Rxb4 1-0

[Event "Moscow Open 2009 B"]
[Site "www.moscowchessopen.ru"]
[Date "2009.02.07"]
[Round "8.132"]
[White "Nurullin, Eldar"]
[Black "Smagin, Nikita"]
[Result "1/2-1/2"]
[WhiteElo "1400"]
[BlackElo "2034"]
[Annotator ""]
[Source ""]
[Remark ""]

1.c4 Nf6 2.Nc3 g6 3.d4 d6 4.e4 Bg7 5.Nf3 O-O 6.Be2 e5 7.O-O Nc6
8.d5 Ne7 9.Ne1 Nd7 10.Be3 f5 11.f3 Nf6 12.Nd3 Kh8 13.c5 Ne8 14.Rc1
dxc5 15.Nxc5 Nd6 16.Nb5 a6 17.Nxd6 cxd6 18.Na4 b5 19.Nb6 Rb8
20.Nxc8 Rxc8 21.Qd2 Qd7 22.Rxc8 Rxc8 23.Rc1 Bf6 24.Rc2 Qb7 25.Qc1
Kg7 26.Rxc8 Nxc8 27.Qc6 Qxc6 28.dxc6 f4 29.Bf2 Bd8 30.a4 bxa4
31.Bxa6 Nb6 32.Bb5 Kf6 33.Kf1 g5 34.Ke2 Ke7 35.Kd3 a3 36.bxa3
Na8 37.a4 1/2-1/2

[Event "Moscow Open 2009 B"]
[Site "www.moscowchessopen.ru"]
[Date "2009.02.07"]
[Round "8.133"]
[White "Pshekhotskiy, Alexander"]
[Black "Lagoda, Vladimir"]
[Result "1-0"]
[WhiteElo "1400"]
[BlackElo "2032"]
[Annotator ""]
[Source ""]
[Remark ""]

1.d4 d5 2.c4 e5 3.dxe5 d4 4.Nf3 Nc6 5.g3 Bg4 6.Bg2 Qd7 7.O-O
O-O-O 8.Nbd2 h5 9.a3 h4 10.Nxh4 Bh3 11.Ndf3 Bxg2 12.Kxg2 Be7
13.Bf4 Bxh4 14.gxh4 Nh6 15.Qd3 Nf5 16.Bg3 Rh5 17.Qe4 Qe6 18.Rac1
Qg6 19.Qf4 f6 20.exf6 Nxg3 21.hxg3 gxf6 22.Kh3 Rh7 23.Rcd1 Re8
24.Qd2 Qe4 1-0

[Event "Moscow Open 2009 B"]
[Site "www.moscowchessopen.ru"]
[Date "2009.02.07"]
[Round "8.134"]
[White "Grinenko, Viktor"]
[Black "Kuznetsov, Kirill"]
[Result "0-1"]
[WhiteElo "1994"]
[BlackElo "2245"]
[Annotator ""]
[Source ""]
[Remark ""]

1.d4 Nf6 2.Nf3 e6 3.g3 b6 4.Bg2 Bb7 5.O-O c5 6.c3 d6 7.Re1 Be7
8.Nbd2 cxd4 9.cxd4 d5 10.h4 O-O 11.Ne5 Nc6 12.Ndf3 Rc8 13.Nxc6
Bxc6 14.Ne5 Be8 15.Bf4 Nd7 16.Nd3 Nb8 17.Bxb8 Rxb8 18.Rc1 Bd6
19.e3 Bb5 20.Bf1 Qd7 21.Re2 f6 22.Bh3 Rbc8 23.Rec2 Bc4 24.b3
Ba6 25.Bf1 Bb7 26.Qg4 Rce8 27.Nc5 bxc5 28.dxc5 f5 29.Qd1 Bxg3
30.fxg3 Bc6 31.Rb2 Qc7 32.Qe1 Qe5 33.Rd2 Rf6 34.Rd4 Rg6 35.Kh2
Qc7 36.Rcd1 e5 37.Rxd5 f4 38.Bc4 Kh8 39.gxf4 Bxd5 0-1

[Event "Moscow Open 2009 B"]
[Site "www.moscowchessopen.ru"]
[Date "2009.02.07"]
[Round "8.136"]
[White "Gaponenko, Leonid"]
[Black "Sidorov, Kirill"]
[Result "0-1"]
[WhiteElo "2115"]
[BlackElo "1981"]
[Annotator ""]
[Source ""]
[Remark ""]

1.d4 f5 2.g3 Nf6 3.Bg2 g6 4.c4 Bg7 5.Nc3 d6 6.Nh3 O-O 7.O-O e5
8.dxe5 dxe5 9.Bg5 Qxd1 10.Rfxd1 c6 11.Rd6 Na6 12.Rad1 Kf7 13.Be3
h6 14.f3 Be6 15.b3 Rfe8 16.Nf2 Bf8 17.R6d2 Kg7 18.Nd3 Bg8 19.Ne1
Nc5 20.Nc2 a5 21.Bf2 Rab8 22.e4 fxe4 23.Nxe4 Nfxe4 24.fxe4 Be6
25.h3 Rec8 26.Ne3 b5 27.Rc2 b4 28.g4 Rd8 29.Rcd2 Rxd2 30.Rxd2
Ra8 31.Bg3 Nd7 32.Kf1 Be7 33.Ke2 a4 34.Kf3 Kf8 35.Nc2 axb3 36.axb3
Ra2 37.Ke2 Bg5 38.Ne3 Ra3 39.Rd6 Rxb3 40.Nd1 0-1

[Event "Moscow Open 2009 B"]
[Site "www.moscowchessopen.ru"]
[Date "2009.02.07"]
[Round "8.137"]
[White "Kuzanov, Artem"]
[Black "Rasstriguine, Andrei"]
[Result "0-1"]
[WhiteElo "1969"]
[BlackElo "2111"]
[Annotator ""]
[Source ""]
[Remark ""]

1.e4 c6 2.d4 d5 3.exd5 cxd5 4.Bd3 Nc6 5.c3 g6 6.h3 Bg7 7.Nf3
Nh6 8.O-O O-O 9.Re1 Nf5 10.Bf4 e6 11.Nbd2 Nd6 12.Nf1 a6 13.a4
f6 14.Bc2 Nf7 15.Bh2 Bd7 16.Ne3 b5 17.axb5 axb5 18.Rxa8 Qxa8
19.Qa1 Qb7 20.b4 Ra8 21.Qb2 Bf8 22.Ra1 Nd6 23.Bxd6 Bxd6 24.Nd2
Rxa1+ 25.Qxa1 Bb8 26.Nb3 Qc7 27.Nf1 e5 28.dxe5 fxe5 29.Nc5 Ba7
30.Bb3 Ne7 31.Nxd7 Qxd7 32.Qa6 Kg7 33.Nd2 e4 34.Qa1 e3 35.Nf3
exf2+ 36.Kf1 Be3 37.g4 h5 38.c4+ d4 39.Qb1 hxg4 40.Nh4 Qc6 41.Ke2
bxc4 0-1

[Event "Moscow Open 2009 B"]
[Site "www.moscowchessopen.ru"]
[Date "2009.02.07"]
[Round "8.138"]
[White "Ovchinnikov, Andrey"]
[Black "Smotriakov, Arkady"]
[Result "1/2-1/2"]
[WhiteElo "1964"]
[BlackElo "2101"]
[Annotator ""]
[Source ""]
[Remark ""]

1.Nf3 c5 2.c4 Nf6 3.Nc3 d5 4.cxd5 Nxd5 5.d4 Nxc3 6.bxc3 g6 7.e4
Bg7 8.Be2 O-O 9.Rb1 Qc7 10.O-O Rd8 11.Be3 b6 12.Qd3 Be6 13.d5
Bg4 14.c4 e5 15.Bg5 Rd6 16.Rfe1 h6 17.Be3 Nd7 18.Nd2 Nf6 19.h3
Bxe2 20.Rxe2 Rf8 21.g3 g5 22.g4 Rd7 23.f3 Ne8 24.Nf1 Nd6 25.Ng3
Rb8 26.Nf5 Nxf5 27.gxf5 f6 1/2-1/2

[Event "Moscow Open 2009 B"]
[Site "www.moscowchessopen.ru"]
[Date "2009.02.07"]
[Round "8.139"]
[White "Khatnikov, Alexander"]
[Black "Zhuravliev, Vladilen"]
[Result "1-0"]
[WhiteElo "1958"]
[BlackElo "2097"]
[Annotator ""]
[Source ""]
[Remark ""]

1.c4 Nf6 2.Nc3 e5 3.Nf3 d6 4.g3 Be7 5.Bg2 O-O 6.O-O c6 7.d3 Re8
8.e4 Nbd7 9.Nh4 g6 10.Kh1 Nh5 11.Nf3 Nf8 12.Ne1 Ng7 13.f4 f6
14.Nc2 Be6 15.Ne3 Qd7 16.Bd2 Bh3 17.f5 Bxg2+ 18.Kxg2 Bd8 19.Ng4
gxf5 20.Nh6+ Kh8 21.Nxf5 Nfe6 22.Be3 Rg8 23.Qf3 b6 24.Kh1 Rb8
25.Rac1 Rb7 26.g4 Nxf5 27.gxf5 Ng5 28.Qe2 Be7 29.Rg1 Qe8 30.h4
Nf7 31.Qh5 Nd8 32.Rxg8+ Qxg8 33.Rg1 Qf7 34.Qg4 Bf8 35.b4 Rd7
36.b5 Bg7 37.h5 Qf8 38.Rg2 cxb5 39.cxb5 Nf7 40.Nd5 Nh6 41.Bxh6
Bxh6 42.Nxf6 1-0

[Event "Moscow Open 2009 B"]
[Site "www.moscowchessopen.ru"]
[Date "2009.02.07"]
[Round "8.140"]
[White "Mihnenko, Nikita"]
[Black "Gorshkov, Anatoly"]
[Result "1/2-1/2"]
[WhiteElo "1955"]
[BlackElo "2093"]
[Annotator ""]
[Source ""]
[Remark ""]

1.e4 d6 2.d4 Nf6 3.f3 c6 4.c4 g6 5.Nc3 Bg7 6.Be3 Nbd7 7.Bd3 c5
8.Nge2 cxd4 9.Bxd4 O-O 10.Bc2 b6 11.Nd5 Nxd5 12.cxd5 Nf6 13.O-O
Bd7 14.Ba4 b5 15.Bb3 a5 16.a4 b4 17.Qd3 Ne8 18.Bxg7 Nxg7 19.Qd4
Ne8 20.Rfc1 Nc7 21.Bc4 Qb8 22.b3 Ne8 1/2-1/2

[Event "Moscow Open 2009 B"]
[Site "www.moscowchessopen.ru"]
[Date "2009.02.07"]
[Round "8.141"]
[White "Bykov, Evgeny"]
[Black "Tekuchev, Robert"]
[Result "1/2-1/2"]
[WhiteElo "2090"]
[BlackElo "1971"]
[Annotator ""]
[Source ""]
[Remark ""]

1.e4 c6 2.d4 d5 3.Nc3 dxe4 4.Nxe4 Nd7 5.Ng5 e6 6.Bd3 Ngf6 7.Qe2
Bd6 8.N1f3 h6 9.Ne4 Nxe4 10.Qxe4 Nf6 11.Qe2 Qc7 12.c4 Bb4+ 13.Bd2
Bxd2+ 14.Qxd2 Bd7 15.O-O O-O 16.a4 c5 17.dxc5 Qxc5 18.Qc3 a5
19.Ne5 Rfd8 20.Bc2 Be8 21.Rae1 Rd4 22.Re2 Rad8 23.Kh1 Ng4 24.Nxg4
Rxg4 25.f4 Bc6 26.Be4 Bxe4 27.Rxe4 Qc6 28.Re2 Qxa4 29.Qf3 Rg6
30.b3 Qd7 31.Rfe1 b6 32.h3 Qc7 1/2-1/2

[Event "Moscow Open 2009 B"]
[Site "www.moscowchessopen.ru"]
[Date "2009.02.07"]
[Round "8.142"]
[White "Tobengauz, Pavel"]
[Black "Chapygin, Sergey"]
[Result "0-1"]
[WhiteElo "1955"]
[BlackElo "2085"]
[Annotator ""]
[Source ""]
[Remark ""]

1.e4 e5 2.Nf3 Nc6 3.Bc4 Nf6 4.d4 exd4 5.e5 d5 6.Bb5 Ne4 7.Nxd4
Bd7 8.Bxc6 bxc6 9.O-O Bc5 10.f3 Ng5 11.Be3 Bb6 12.Qd2 h6 13.Qf2
c5 14.Nb3 d4 15.Bc1 Bf5 16.c3 Qd5 17.Rd1 O-O-O 18.Na3 Rhe8 19.c4
Qe6 20.Bf4 Qg6 21.Qg3 c6 22.Re1 Re7 23.h4 Ne6 24.Qxg6 Bxg6 25.Bd2
h5 26.Kf2 Rde8 27.Rac1 Kb7 28.Na5+ Bxa5 29.Bxa5 Nf4 30.Rcd1 Nd3+
31.Rxd3 Bxd3 32.Rd1 Bf5 33.f4 f6 34.b4 Ka6 35.Nb1 Bxb1 36.Rxb1
fxe5 37.fxe5 Rxe5 38.a4 0-1

[Event "Moscow Open 2009 B"]
[Site "www.moscowchessopen.ru"]
[Date "2009.02.07"]
[Round "8.143"]
[White "Buzukashvili, Sofia"]
[Black "Beliaev, Boris"]
[Result "0-1"]
[WhiteElo "1954"]
[BlackElo "2080"]
[Annotator ""]
[Source ""]
[Remark ""]

1.d4 c6 2.c4 d6 3.Nc3 e5 4.e4 Qc7 5.Nf3 Be7 6.Be2 Nf6 7.O-O a5
8.h3 O-O 9.Be3 Re8 10.Qc2 Nbd7 11.Rad1 Bf8 12.Rfe1 h6 13.Kh1
b6 14.d5 Ba6 15.g4 cxd5 16.cxd5 b5 17.Qb1 b4 18.Bxa6 bxc3 19.Bd3
cxb2 20.Qxb2 Reb8 21.Qe2 Nc5 22.Rc1 Nfd7 23.g5 Qd8 24.gxh6 gxh6
25.Rg1+ Kh7 26.Ng5+ hxg5 27.Qh5+ Bh6 28.Qxf7+ Kh8 29.Bxg5 Qf8
30.Qh5 Kh7 31.Be2 Nf6 32.Qh4 Ng8 33.Bg4 Rb4 34.f3 Ra7 35.Qh5
Qf7 36.Bf5+ Kh8 37.Bg6 Qf8 38.Rcf1 Nd3 39.Rg4 Rb2 40.Rh4 Rh7
41.Bxh7 Kxh7 42.Bxh6 Nxh6 43.Qf5+ Qxf5 44.exf5 Rb7 45.Rg1 Nf4
46.Rc1 Rd7 47.Rc6 Nxd5 0-1

[Event "Moscow Open 2009 B"]
[Site "www.moscowchessopen.ru"]
[Date "2009.02.07"]
[Round "8.144"]
[White "Skoriak, Ivan"]
[Black "Shilnikov, Igor S"]
[Result "1-0"]
[WhiteElo "2080"]
[BlackElo "1963"]
[Annotator ""]
[Source ""]
[Remark ""]

1.e4 e5 2.Nf3 Nc6 3.Bb5 a6 4.Ba4 d6 5.O-O Bg4 6.h3 h5 7.c3 Qf6
8.d3 Bd7 9.Nbd2 Qg6 10.Nh4 Qf6 11.Bxc6 bxc6 12.Ndf3 g6 13.d4
Qg7 14.Re1 Be7 15.dxe5 dxe5 16.Be3 f6 17.Qb3 Nh6 18.Rad1 Rd8
19.Qc4 g5 20.Nf5 Nxf5 21.exf5 h4 22.Nh2 Qh7 23.Qxa6 Qxf5 24.Qb7
Bd6 25.Qa6 O-O 26.Ng4 Qg6 27.Qd3 f5 28.Qc2 Kg7 29.Nh2 Qf6 30.f3
Rg8 31.Rf1 Kh8 32.Rde1 Rg7 33.Kh1 Rdg8 34.b4 Qf7 35.a4 Qh5 36.Qe2
g4 37.fxg4 fxg4 38.Rf6 Rg6 39.Ref1 Qh7 40.Qd3 gxh3 41.R1f3 hxg2+
42.Kg1 e4 43.Rxg6 Bxh2+ 44.Kxh2 exd3 45.Bd4+ Rg7 46.Rf8+ Qg8
47.Rh6# 1-0

[Event "Moscow Open 2009 B"]
[Site "www.moscowchessopen.ru"]
[Date "2009.02.07"]
[Round "8.145"]
[White "Piatin, Oleg"]
[Black "Lushnikov, Evgeny"]
[Result "1-0"]
[WhiteElo "2076"]
[BlackElo "1961"]
[Annotator ""]
[Source ""]
[Remark ""]

1.e4 c5 2.Nf3 Nc6 3.d3 g6 4.g3 Bg7 5.Bg2 d6 6.O-O e5 7.c3 Nge7
8.Be3 O-O 9.Nh4 b6 10.f4 f5 11.exf5 gxf5 12.Nd2 d5 13.fxe5 Nxe5
14.Ndf3 Ng4 15.Bg5 h6 16.Bf4 d4 17.Ne5 Nxe5 18.Bxe5 Bxe5 19.Bxa8
Be6 20.Qe2 Bd5 21.Qxe5 Bxa8 22.c4 Qd7 23.Rae1 Qb7 24.Qe6+ Rf7
25.Rf3 b5 26.Qxh6 bxc4 27.Ng6 Nxg6 28.Qxg6+ Kf8 29.Qh6+ Rg7 30.Rxf5+ 1-0

[Event "Moscow Open 2009 B"]
[Site "www.moscowchessopen.ru"]
[Date "2009.02.07"]
[Round "8.146"]
[White "Romanov, Stanislav"]
[Black "Safoev, Zarif"]
[Result "0-1"]
[WhiteElo "2058"]
[BlackElo "1959"]
[Annotator ""]
[Source ""]
[Remark ""]

1.e4 c5 2.a3 g6 3.h4 Bg7 4.h5 d6 5.Bc4 Nc6 6.hxg6 hxg6 7.Rxh8
Bxh8 8.Nc3 Nf6 9.d3 Bd7 10.Nf3 Bg4 11.Bf4 Qb6 12.Qd2 Bxf3 13.gxf3
Nd4 14.O-O-O e6 15.Qe3 O-O-O 16.Rh1 Nh5 17.Bg5 Rg8 18.f4 Qa5
19.f5 b5 20.Nxb5 Nxb5 21.fxg6 Bxb2+ 22.Kd1 Nc3+ 23.Kd2 Nd5+ 24.Ke2
Nxe3 0-1

[Event "Moscow Open 2009 B"]
[Site "www.moscowchessopen.ru"]
[Date "2009.02.07"]
[Round "8.147"]
[White "Rossinskaya, Ljudmilla"]
[Black "Valiev, Emil"]
[Result "1-0"]
[WhiteElo "1938"]
[BlackElo "2058"]
[Annotator ""]
[Source ""]
[Remark ""]

1.e4 e5 2.Nf3 Nc6 3.Bb5 a6 4.Bxc6 dxc6 5.h3 Nf6 6.d3 Qd6 7.Nbd2
Be6 8.Ng5 h6 9.Nxe6 Qxe6 10.Nc4 Nxe4 11.Qe2 Bb4+ 12.Kf1 Nd6 13.Qxe5
Qxe5 14.Nxe5 O-O-O 15.c3 Ba5 16.Be3 Rhe8 17.Nf3 Nf5 18.Ke2 Re6
19.g4 Nxe3 20.fxe3 Rde8 21.e4 c5 22.Kd2 Rd8 23.Rae1 c4 24.d4
b5 25.Kc2 c6 26.Nd2 Rde8 27.Ref1 f6 28.h4 Bd8 29.Rhg1 g5 30.hxg5
hxg5 31.b3 cxb3+ 32.Kxb3 Bc7 33.Rg2 Bf4 34.a4 Kc7 35.axb5 axb5
36.c4 bxc4+ 37.Kxc4 1-0

[Event "Moscow Open 2009 B"]
[Site "www.moscowchessopen.ru"]
[Date "2009.02.07"]
[Round "8.148"]
[White "Kapov, Adam"]
[Black "Baskakov, Nikolay"]
[Result "0-1"]
[WhiteElo "1927"]
[BlackElo "2055"]
[Annotator ""]
[Source ""]
[Remark ""]

1.e4 c5 2.c3 g6 3.d4 cxd4 4.cxd4 Bg7 5.Nf3 Nf6 6.Nc3 O-O 7.Be2
d6 8.O-O Nc6 9.Bg5 Re8 10.Qd2 a6 11.Rac1 Qa5 12.Rfd1 Bg4 13.h3
Bxf3 14.Bxf3 Nxd4 15.Qxd4 Qxg5 16.Qb6 Rab8 17.Nd5 Nxd5 18.exd5
Qe5 19.b3 Qb2 20.a4 Bc3 21.Qc7 Bb4 22.Qc2 Qf6 23.Qc4 a5 24.Qb5
b6 25.Rc6 Bc5 26.Rc1 Qb2 27.Rf1 h5 28.Rc7 Qc2 29.Rc6 Kg7 30.Qc4
Qb2 31.Rc7 Rbc8 32.Rc6 Rcd8 33.Rc7 Qe5 34.Qe4 f5 35.Qe2 Kf6 36.Re1
Qxe2 37.Bxe2 e5 38.Bb5 Re7 39.Rxe7 Kxe7 40.g3 Rc8 41.Bc6 0-1

[Event "Moscow Open 2009 B"]
[Site "www.moscowchessopen.ru"]
[Date "2009.02.07"]
[Round "8.149"]
[White "Seregin, Alexey"]
[Black "Glazkov, Arseny"]
[Result "1/2-1/2"]
[WhiteElo "1916"]
[BlackElo "2055"]
[Annotator ""]
[Source ""]
[Remark ""]

1.d4 Nf6 2.c4 e6 3.Nc3 b6 4.a3 Bb7 5.Nf3 Be7 6.e3 O-O 7.Bd3 d5
8.cxd5 Nxd5 9.Qc2 h6 10.e4 Nxc3 11.bxc3 c5 12.O-O Nc6 13.Bb2
Rc8 14.Qe2 Na5 15.Nd2 Qc7 16.e5 Rfd8 17.f4 cxd4 18.cxd4 Bd5 19.f5
Bf8 20.fxe6 Bxe6 21.Qe4 g6 22.Qe2 Nb3 23.Nxb3 Bxb3 24.Rac1 Qd7
25.Ba6 Rxc1 26.Rxc1 Be7 27.Bc4 Qa4 28.Bb5 Qa5 1/2-1/2

[Event "Moscow Open 2009 B"]
[Site "www.moscowchessopen.ru"]
[Date "2009.02.07"]
[Round "8.150"]
[White "Masich, Vladimir"]
[Black "Emdin, Mark"]
[Result "0-1"]
[WhiteElo "2053"]
[BlackElo "1885"]
[Annotator ""]
[Source ""]
[Remark ""]

1.e4 e6 2.d4 d5 3.Nc3 Nf6 4.e5 Nfd7 5.f4 c5 6.Nf3 a6 7.Ne2 Nc6
8.c3 Qb6 9.Qc2 Be7 10.Be3 O-O 11.dxc5 Bxc5 12.Bxc5 Nxc5 13.Ng5
Ne4 14.Nxe4 dxe4 15.O-O-O Qa5 16.Nd4 Nxd4 17.Rxd4 Qxa2 18.Qxe4
Rb8 19.Bd3 g6 20.Bb1 Qa5 21.h4 b5 22.h5 Bb7 23.Qe2 Qc7 24.Be4
Bxe4 25.Qxe4 a5 26.Rhd1 b4 27.Rc4 Qa7 28.Qd4 Qa6 29.cxb4 axb4
30.b3 Kg7 31.hxg6 hxg6 32.Qb2 Rbc8 33.Rxc8 Rxc8+ 34.Kb1 Rc3 35.Qa2
Qc6 36.Re1 Qd5 37.Qe2 Rxb3+ 38.Kc2 Rc3+ 39.Kb1 Qb3+ 40.Qb2 Qc4
41.Rc1 Qd3+ 0-1

[Event "Moscow Open 2009 B"]
[Site "www.moscowchessopen.ru"]
[Date "2009.02.07"]
[Round "8.151"]
[White "Shurunov, Andrei"]
[Black "Gvilava, Maya"]
[Result "1/2-1/2"]
[WhiteElo "1882"]
[BlackElo "2052"]
[Annotator ""]
[Source ""]
[Remark ""]

1.e4 c5 2.Nf3 Nc6 3.d4 cxd4 4.Nxd4 Nf6 5.Nc3 d6 6.Be2 e5 7.Ndb5
a6 8.Na3 b5 9.Nd5 Nxd5 10.Qxd5 Bd7 11.Be3 Be7 12.O-O O-O 13.c4
b4 14.Nc2 Rc8 15.b3 Be6 16.Qd1 f5 17.exf5 Bxf5 18.Bf3 Kh8 19.Bxc6
Bxc2 20.Qd5 a5 21.Bb7 Rb8 22.Ba7 Rf4 23.f3 Bg5 24.Bxb8 Qxb8 25.Rac1
Rd4 26.Rxc2 Rxd5 27.Bxd5 Be3+ 28.Kh1 1/2-1/2

[Event "Moscow Open 2009 B"]
[Site "www.moscowchessopen.ru"]
[Date "2009.02.07"]
[Round "8.152"]
[White "Moshensky, Denis"]
[Black "Stepanov, Igor"]
[Result "1/2-1/2"]
[WhiteElo "1847"]
[BlackElo "2044"]
[Annotator ""]
[Source ""]
[Remark ""]

1.e4 d5 2.exd5 Qxd5 3.Nc3 Qa5 4.d4 Nf6 5.Nf3 c6 6.Bc4 Bg4 7.h3
Bxf3 8.Qxf3 e6 9.Bd2 Qb6 10.O-O-O Nbd7 11.Bf4 Bb4 12.Rhe1 O-O
13.Bb3 Rfc8 14.Kb1 Qa5 15.Re3 Bxc3 16.Rxc3 Nd5 17.Bxd5 Qxd5 18.Qxd5
cxd5 19.Re3 1/2-1/2

[Event "Moscow Open 2009 B"]
[Site "www.moscowchessopen.ru"]
[Date "2009.02.07"]
[Round "8.154"]
[White "Malov, Lev"]
[Black "Basencyan, Mark"]
[Result "1-0"]
[WhiteElo "2036"]
[BlackElo "1848"]
[Annotator ""]
[Source ""]
[Remark ""]

1.d4 Nf6 2.Nc3 d5 3.Bg5 Bf5 4.Bxf6 exf6 5.e3 c6 6.Bd3 Bxd3 7.Qxd3
Bb4 8.Nge2 O-O 9.O-O Nd7 10.e4 Nb6 11.a3 Bxc3 12.Nxc3 dxe4 13.Nxe4
Nd5 14.g3 f5 15.Nc3 Nxc3 16.Qxc3 f4 17.Rad1 Qd5 18.Qd3 Rad8 19.c4
Qh5 20.Rfe1 Rd6 21.Re5 f5 22.Kg2 Rh6 23.h4 fxg3 24.fxg3 Rg6 25.Rh1
Qg4 26.h5 Rg5 27.h6 Rg6 28.hxg7 Rxg7 29.Re3 h5 30.d5 f4 31.Rf3
h4 32.Rh3 hxg3 33.Rh1 Re8 34.d6 b6 35.b4 c5 1-0

[Event "Moscow Open 2009 B"]
[Site "www.moscowchessopen.ru"]
[Date "2009.02.07"]
[Round "8.155"]
[White "Golovnin, Maxim"]
[Black "Matsokina, Evgenia"]
[Result "0-1"]
[WhiteElo "1400"]
[BlackElo "2036"]
[Annotator ""]
[Source ""]
[Remark ""]

1.b3 e5 2.Bb2 Nc6 3.c4 Nf6 4.Nc3 d5 5.cxd5 Nxd5 6.e3 Bb4 7.Bc4
Nb6 8.Be2 Qg5 9.Bf3 Bd7 10.d3 Bxc3+ 11.Bxc3 O-O-O 12.Ne2 Rhe8
13.e4 f5 14.O-O f4 15.d4 exd4 16.Nxd4 Ne5 17.Qe2 Bh3 18.Kh1 Nxf3
19.Qxf3 Bg4 20.Qd3 c5 21.Qb5 Qh5 22.Nf5 Be2 23.Qxc5+ Kb8 24.Rfc1
Ka8 25.Bb4 f3 26.Ng3 fxg2+ 27.Kg1 Qxc5 28.Rxc5 Bf3 29.e5 Nd7
30.Rc3 Nxe5 31.Re1 Bc6 32.Rec1 Nd3 33.Rd1 Nf4 34.Rxd8+ Rxd8 0-1

[Event "Moscow Open 2009 B"]
[Site "www.moscowchessopen.ru"]
[Date "2009.02.07"]
[Round "8.156"]
[White "Gainullin, Yakov"]
[Black "Bocharnikov, Oleg"]
[Result "1-0"]
[WhiteElo "2034"]
[BlackElo "1829"]
[Annotator ""]
[Source ""]
[Remark ""]

1.e4 e5 2.f4 exf4 3.Nf3 g5 4.Bc4 Bg7 5.d4 h6 6.O-O Ne7 7.g3 d5
8.exd5 Nxd5 9.Nc3 c6 10.Nxd5 cxd5 11.Qe1+ Be6 12.Bb5+ Nc6 13.gxf4
gxf4 14.Bxf4 Qb6 15.Bxc6+ bxc6 16.Qc3 Bh3 17.Rae1+ Kd8 18.Rf2
Rg8 19.Kh1 Be6 20.Rg1 h5 21.Ne5 f6 22.Qxc6 Qxc6 23.Nxc6+ Kd7
24.Nb8+ Raxb8 25.Bxb8 Bg4 26.Bxa7 Bh6 27.Rxf6 Bg5 28.Rf7+ Ke6
29.Rff1 Be3 30.Rg3 Bg5 31.h3 Bf5 32.Rxf5 Kxf5 1-0

[Event "Moscow Open 2009 B"]
[Site "www.moscowchessopen.ru"]
[Date "2009.02.07"]
[Round "8.157"]
[White "Potlov, Semen"]
[Black "Parakhoni, Anna"]
[Result "1-0"]
[WhiteElo "2020"]
[BlackElo "1793"]
[Annotator ""]
[Source ""]
[Remark ""]

1.d4 e6 2.Nf3 f5 3.c4 Bb4+ 4.Nbd2 Nf6 5.g3 O-O 6.Bg2 d6 7.a3
Bxd2+ 8.Nxd2 a5 9.b3 Nbd7 10.O-O e5 11.Bb2 e4 12.e3 Qe8 13.Qe2
b6 14.b4 c5 15.Bc3 Bb7 16.Qd1 Bc6 17.Qc2 Qf7 18.Rfb1 axb4 19.axb4
d5 20.bxc5 bxc5 21.dxc5 dxc4 22.Bd4 Bd5 23.Bf1 Rxa1 24.Rxa1 Rc8
25.Nxc4 Qe7 26.Ra7 Ra8 27.Rxa8+ Bxa8 28.Qa4 Bd5 29.Qa7 Qe6 30.Nb6
Qc6 31.Nc4 Ne8 32.Na5 Qc8 33.Bb5 Nef6 34.c6 Nb8 35.Bxf6 gxf6
36.c7 1-0

[Event "Moscow Open 2009 B"]
[Site "www.moscowchessopen.ru"]
[Date "2009.02.07"]
[Round "8.158"]
[White "Vashchenko, Jurij"]
[Black "Zaitsev, Vladimir"]
[Result "1/2-1/2"]
[WhiteElo "2016"]
[BlackElo "1780"]
[Annotator ""]
[Source ""]
[Remark ""]

1.d4 f5 2.Nf3 Nf6 3.g3 d5 4.Bg2 e6 5.O-O Bd6 6.c4 c6 7.c5 Bc7
8.Bf4 Nbd7 9.Qc2 Ne4 10.Nbd2 Ndf6 11.Bxc7 Qxc7 12.Ne5 Nxd2 13.Qxd2
Nd7 14.Nd3 O-O 15.Qf4 Qxf4 16.gxf4 1/2-1/2

[Event "Moscow Open 2009 B"]
[Site "www.moscowchessopen.ru"]
[Date "2009.02.07"]
[Round "8.159"]
[White "Kan, Yuri"]
[Black "Sokolov, Boris"]
[Result "1/2-1/2"]
[WhiteElo "1400"]
[BlackElo "2015"]
[Annotator ""]
[Source ""]
[Remark ""]

1.e4 Nf6 2.e5 Nd5 3.Nc3 Nxc3 4.dxc3 c5 5.Be3 Qc7 6.Qd5 e6 7.Qe4
Nc6 8.f4 b6 9.O-O-O Bb7 10.Qc4 a5 11.Nf3 Be7 12.h4 O-O 13.Qd3
Rfd8 14.Ng5 g6 15.Ne4 c4 16.Qxc4 Ba6 17.Qa4 b5 18.Bxb5 Bxb5 19.Qxb5
Rab8 20.Qa6 Nxe5 21.fxe5 Qxe5 22.Qd3 d5 23.Ng5 Rdc8 24.Nf3 Qc7
25.h5 a4 26.hxg6 hxg6 1/2-1/2

[Event "Moscow Open 2009 B"]
[Site "www.moscowchessopen.ru"]
[Date "2009.02.07"]
[Round "8.160"]
[White "An, Yuriy"]
[Black "Kagner, Roman"]
[Result "0-1"]
[WhiteElo "2014"]
[BlackElo "1737"]
[Annotator ""]
[Source ""]
[Remark ""]

1.d4 d5 2.c4 e6 3.e3 Nf6 4.a3 Be7 5.Nc3 O-O 6.Nf3 b6 7.Bd3 Bb7
8.Rg1 Nbd7 9.Qc2 dxc4 10.Bxc4 c5 11.Bd2 Qc7 12.Bd3 cxd4 13.exd4
e5 14.O-O-O e4 15.Be2 exf3 16.gxf3 Rfc8 17.Qf5 Nd5 18.Rxg7+ Kxg7
19.Bh6+ Kxh6 20.Qh3+ Kg7 21.Bd3 N7f6 22.Rg1+ Kf8 23.Qh6+ Ke8
24.Bb5+ Kd8 25.Qg7 Qf4+ 26.Kc2 Nxc3 27.bxc3 Qf5+ 28.Bd3 Rxc3+
29.Kxc3 Rc8+ 30.Kd2 Qf4+ 0-1

[Event "Moscow Open 2009 B"]
[Site "www.moscowchessopen.ru"]
[Date "2009.02.07"]
[Round "8.162"]
[White "Schevnin, Leonid"]
[Black "Artjushin, Viktor"]
[Result "0-1"]
[WhiteElo "1400"]
[BlackElo "2010"]
[Annotator ""]
[Source ""]
[Remark ""]

1.e4 c5 2.f4 Nc6 3.Nf3 g6 4.Bc4 Bg7 5.O-O e6 6.f5 d5 7.fxe6 dxc4
8.exf7+ Kxf7 9.Ne5+ Ke8 10.Nf7 Bd4+ 11.Kh1 Qh4 12.g3 Qxe4+ 13.Qf3
Qxf3+ 14.Rxf3 Be6 15.Nxh8 Bd5 16.Kg2 Bxh8 17.Kf2 Bxf3 18.Kxf3
Nd4+ 0-1

[Event "Moscow Open 2009 B"]
[Site "www.moscowchessopen.ru"]
[Date "2009.02.07"]
[Round "8.163"]
[White "Shlyakhov, Ivan"]
[Black "Elfert, Aleksandr V"]
[Result "1-0"]
[WhiteElo "1400"]
[BlackElo "2007"]
[Annotator ""]
[Source ""]
[Remark ""]

1.d4 Nf6 2.Nf3 e6 3.Bg5 h6 4.Bxf6 Qxf6 5.e4 Qg6 6.Nbd2 d6 7.g3
Be7 8.Bd3 Nc6 9.e5 f5 10.c3 dxe5 11.dxe5 O-O 12.Qe2 a6 13.a4
b6 14.h3 Qf7 15.b4 Bb7 16.O-O g5 17.Kh2 Kh8 18.Rae1 g4 19.Ng1
Qh5 20.f4 Rad8 21.Nc4 Rd7 22.Rd1 Bxb4 23.Bxf5 exf5 24.Rxd7 Bxc3
25.Rfd1 b5 26.axb5 axb5 27.Rxc7 1-0